LIBRARY & INFORMATION CENTRE, KCAET, TAVANUR

ONLINE PUBLIC ACCESS CATALOGUE (OPAC)

Ivanhoe / (Record no. 858)

MARC details
000 -LEADER
fixed length control field 00395cam a2200169ua 4500
041 ## - LANGUAGE CODE
Language code of text/sound track or separate title eng
082 ## - DEWEY DECIMAL CLASSIFICATION NUMBER
Classification number 823.308
Item number SCO/IV
100 ## - MAIN ENTRY--AUTHOR NAME
Personal name Scott, Walter .
245 ## - TITLE STATEMENT
Title Ivanhoe /
260 ## - PUBLICATION, DISTRIBUTION, ETC. (IMPRINT)
Place of publication London :
Name of publisher Blackie & Son Ltd ,
Year of publication 1962.
300 ## - PHYSICAL DESCRIPTION
Number of Pages 122 ; .
942 ## - ADDED ENTRY ELEMENTS (KOHA)
Koha item type Books
Holdings
Withdrawn status Lost status Damaged status Home library Current library Date acquired Full call number Accession Number Koha item type
Withdrawn     KAUAET Malayalam University 02/12/2023 823.308 SCO/IV 9955 Books
Withdrawn     KAUAET Sanskrit University 07/04/2012 823.308 11094 Books
Withdrawn     KAUAET Sanskrit University 07/04/2012 823.308 11082 Books
Withdrawn     KAUAET Sanskrit University 07/04/2012 823.308 4382 Books
free website counter